[Event "Interclubs Féminins"]
[Site "Bennwihr"]
[Date "2011.02.13"]
[Round "5.1"]
[White "Cosma, Elena-Luminita"]
[Black "Kientzler-Guerlain, Isabelle"]
[Result "1-0"]
[WhiteElo "2342"]
[BlackElo "2030"]
[PlyCount "69"]
[EventDate "2011.??.??"]
[WhiteTeam "Tours de Haute Picardie"]
[BlackTeam "Bennwihr"]

1. d4 d5 2. c4 e6 3. Nf3 Nf6 4. g3 c6 5. Qc2 Nbd7 6. Bg2 Bd6 7. O-O O-O 8. Nbd2
Qc7 9. e4 dxe4 10. Nxe4 Be7 11. Bf4 Qa5 12. Nc3 Nh5 13. Bd2 Qc7 14. Rad1 Bd6
15. Ne4 Be7 16. Rfe1 b6 17. Neg5 Nhf6 18. Ne5 Bb7 19. Bh3 g6 20. Nexf7 Rxf7 21.
Bxe6 Nf8 22. Bxf7+ Kg7 23. Ne6+ Nxe6 24. Bxe6 Bd6 25. Bc3 Rf8 26. Re2 Bc8 27.
c5 Be7 28. Bxc8 Rxc8 29. cxb6 axb6 30. d5 Qb7 31. d6 Bd8 32. d7 Rc7 33. Re8 Qa8
34. Qe2 c5 35. Re7+ 1-0

[Event "Interclubs Féminins"]
[Site "Bennwihr"]
[Date "2011.02.13"]
[Round "5.2"]
[White "Uhl, Sarah"]
[Black "Vinckier, Delphine"]
[Result "0-1"]
[WhiteElo "1709"]
[BlackElo "1830"]
[PlyCount "166"]
[EventDate "2011.??.??"]
[WhiteTeam "Bennwihr"]
[BlackTeam "Tours de Haute Picardie"]

1. e4 e6 2. d4 d5 3. e5 c5 4. c3 Nc6 5. Nf3 Qb6 6. Bd3 Bd7 7. O-O cxd4 8. cxd4
Nge7 9. Nc3 Ng6 10. a3 Be7 11. Na4 Qc7 12. Bd2 O-O 13. Rc1 Rac8 14. Bg5 Qd8 15.
Bxe7 Qxe7 16. b4 Nf4 17. Bb1 b6 18. Nc3 a6 19. Qc2 g6 20. Qd2 Nh5 21. g4 Ng7
22. Qh6 f5 23. Ng5 Ne8 24. gxf5 gxf5 25. Kh1 Qg7 26. Qh4 Ne7 27. Rg1 Ng6 28.
Qg3 Nc7 29. Bd3 Be8 30. Rg2 h6 31. Nh3 Kh7 32. Nf4 Rg8 33. Nh5 Qf7 34. Nf6+ Kh8
35. Nxg8 Kxg8 36. h4 Kh7 37. h5 Ne7 38. Be2 Bd7 39. Rcg1 Rg8 40. Qf3 Rxg2 41.
Qxg2 Ne8 42. Qf1 b5 43. Qh3 Ng7 44. Qh4 Ne8 45. Bf3 Ng7 46. Qf6 Be8 47. Ne2
Nxh5 48. Qxf7+ Bxf7 49. Rc1 Kg7 50. Rc7 Kf8 51. Ra7 Ng7 52. Rxa6 Be8 53. Nf4
Kf7 54. Nh5 Nc6 55. Ra8 Bd7 56. Nf6 Ke7 57. Ng8+ Kf7 58. Nf6 Ke7 59. Nxd7 Kxd7
60. Rg8 Ne8 61. Bh5 Nc7 62. Rg7+ Kc8 63. Bf7 Nxd4 64. Rg6 Kd7 65. Kg2 Nc6 66.
f4 h5 67. Rh6 Nd4 68. Rxh5 Ne2 69. Rh4 d4 70. Bh5 Nc3 71. Rh3 N7d5 72. Kf3 Nb1
73. Bg6 Nxa3 74. Rh1 Nxb4 75. Rd1 Nac2 76. Bh5 Kc6 77. Kf2 Kd5 78. Bf3+ Kc4 79.
Bh5 Nd3+ 80. Kf3 b4 81. Bf7 Nc5 82. Ke2 Kc3 83. Rc1 d3+ 0-1

[Event "Interclubs Féminins"]
[Site "Bennwihr"]
[Date "2011.02.13"]
[Round "5.3"]
[White "Wolfangel, Florence"]
[Black "Mirete, Rita"]
[Result "1/2-1/2"]
[WhiteElo "1919"]
[BlackElo "1550"]
[PlyCount "69"]
[EventDate "2011.??.??"]
[WhiteTeam "Tours de Haute Picardie"]
[BlackTeam "Bennwihr"]

1. d4 d5 2. c4 e6 3. Nc3 Nf6 4. Bg5 Nbd7 5. e3 Be7 6. Nf3 O-O 7. Bd3 b6 8. O-O
Bb7 9. cxd5 Nxd5 10. Bxe7 Qxe7 11. Nxd5 Bxd5 12. Qc2 Nf6 13. Rfc1 Bxf3 14. gxf3
c5 15. dxc5 bxc5 16. Qxc5 Qb7 17. Qb5 Qxf3 18. Be2 Qe4 19. Rc4 Rab8 20. Rxe4
Rxb5 21. Bxb5 Nxe4 22. Rd1 Nf6 23. Rc1 g6 24. Rc7 Rb8 25. a4 a6 26. Bxa6 Rxb2
27. Bb7 Ra2 28. Rc4 Nd5 29. Rc8+ Kg7 30. Bxd5 exd5 31. Ra8 Ra3 32. a5 Kf6 33.
a6 Kg7 34. a7 h6 35. Rd8 1/2-1/2

[Event "Interclubs Féminins"]
[Site "Bennwihr"]
[Date "2011.02.13"]
[Round "5.4"]
[White "Bogen, Fanny"]
[Black "Pierret, Aralia"]
[Result "0-1"]
[WhiteElo "1497"]
[BlackElo "1760"]
[PlyCount "78"]
[EventDate "2011.??.??"]
[WhiteTeam "Bennwihr"]
[BlackTeam "Tours de Haute Picardie"]

1. e4 e5 2. Nf3 Nc6 3. Bc4 Be7 4. d4 exd4 5. Nxd4 Ne5 6. Bb3 Nf6 7. Bf4 Ng6 8.
Qf3 d6 9. h3 O-O 10. Nc3 Nh4 11. Qg3 Nh5 12. Qh2 Nxf4 13. g3 c5 14. gxh4 cxd4
15. Nb5 Qa5+ 16. Kd1 Qxb5 17. Qxf4 Qh5+ 18. Kd2 Qxh4 19. Qf3 Be6 20. Rag1 Bxb3
21. axb3 Qf6 22. Qe2 Qf4+ 23. Kd1 Bg5 24. Rxg5 Qxg5 25. h4 Qf4 26. h5 h6 27.
Rg1 Rae8 28. Rg4 Qe5 29. Kc1 d5 30. f3 dxe4 31. Rxe4 Qg5+ 32. Kb1 Rxe4 33. Qxe4
b6 34. Qxd4 Qxh5 35. Qe4 Rd8 36. Qe2 Qd5 37. c4 Qd1+ 38. Qxd1 Rxd1+ 39. Kc2 Rd7
0-1